Statistics for Countries and Territories with Monarchies

Click here to take the quiz!

General Stats

  • This quiz has been taken 32 times
  • The average score is 79 of 126

Answer Stats

Answer% Correct
Norway
100%
Sweden
100%
Sark
96%
Spain
96%
United Kingdom
96%
Andorra
92%
Denmark
92%
Eswatini
92%
Lesotho
92%
Monaco
92%
Tonga
92%
Ajmān
88%
Dubai
88%
Fujairah
88%
Liechtenstein
88%
Netherlands
88%
Oman
88%
Qatar
88%
Ras al-Khaimah
88%
Saudi Arabia
88%
Sharjah
88%
Umm al-Quwain
88%
United Arab Emirates
88%
Bahrain
83%
Brunei
83%
Jordan
83%
Kuwait
83%
Luxembourg
83%
Morocco
83%
Samoa
83%
Vatican City
83%
Bhutan
79%
Johor
79%
Kedah
79%
Kelantan
79%
Malaysia
79%
Negeri Sembilan
79%
Pahang
79%
Perak
79%
Perlis
79%
Selangor
79%
Terengganu
79%
Australia
75%
Bahamas
75%
Belgium
75%
Japan
75%
Māori
75%
New Zealand
75%
Ngāti Tūwharetoa
75%
Saint Lucia
75%
South Africa
75%
Thailand
75%
Anuak
71%
Cambodia
71%
Canada
71%
Nigeria
71%
Papua New Guinea
71%
Saint Kitts and Nevis
71%
Saint Vincent and the Grenadines
71%
Daher
67%
Gadhvi
67%
Jamaica
67%
Linga
67%
Pimpri
67%
Santa Rosa
67%
Tuvalu
67%
Vasurna
67%
Akyem Abuakwa
63%
Asante
63%
Asogli
63%
Dagbon
63%
Grenada
63%
Sefwi Anhiawso
63%
Sefwi Bekwai
63%
Antigua and Barbuda
58%
Belize
58%
Pakualaman
58%
Solomon Islands
58%
Yogyakarta
58%
Abomey
54%
Agonlin
54%
Allada
54%
Balete
54%
Bamangwato
54%
Batlôkwa
54%
Cokossi
54%
Damara
54%
Dassa
54%
Mayeyi
54%
Ondonga
54%
Sanwi
54%
Uukwanyama
54%
Buganda
50%
Bunyoro
50%
Busoga
50%
Rwenzururu
50%
Tooro
50%
Mong
46%
Ngonde
46%
Ratak Chain
46%
Tumbuka
46%
Wogodogo
46%
Bailundo
42%
Baixa de Cassanje
42%
Cameroon
42%
Mambolo
42%
Rwanda
42%
Sulu
42%
Bohmong
38%
Chakma
38%
Afro-Bolivia
25%
Alo
21%
Naso
21%
Sigave
21%
Uvea
21%
Cook Islands
17%
Kunié
17%
Lifou
17%
Maré
17%
Arap
8%
Dhulbahante
8%
Habr Awal
8%
Habr Je'lo
8%
Habr Yunis
8%
Isaaq
8%

Score Distribution

Percentile by Number Answered

Percent of People with Each Score

Your Score History

You have not taken this quiz